WWE Greatest Royal Rumble Entrants - Statistics

General Stats
  • This quiz has been taken 20 times
  • The average score is 28 of 50
Answer Stats
Draw Brand Entrant % Correct
41 Raw Braun Strowman
88%
50 SmackDown Chris Jericho
88%
2 Raw Dolph Ziggler
81%
1 SmackDown Daniel Bryan
75%
46 Raw Kevin Owens
75%
35 SmackDown Randy Orton
75%
28 Unaffiliated Rey Mysterio
75%
49 SmackDown Big Cass
69%
5 Unaffiliated Mark Henry
69%
47 SmackDown Shane McMahon
69%
38 Raw Baron Corbin
63%
44 Raw Bobby Lashley
63%
3 SmackDown Sin Cara
63%
39 Raw Titus O'Neil
63%
37 NXT Babatunde
56%
31 SmackDown Big E
56%
27 Raw Chad Gable
56%
4 Raw Curtis Axel
56%
40 NXT Dan Matha
56%
11 Raw Dash Wilder
56%
20 Raw Elias
56%
18 Raw Goldust
56%
12 Unaffiliated Hornswoggle
56%
32 SmackDown Karl Anderson
56%
9 SmackDown Kofi Kingston
56%
19 Raw Konnor
56%
16 Raw Kurt Angle
56%
21 SmackDown Luke Gallows
56%
48 SmackDown Shelton Benjamin
56%
45 Unaffiliated The Great Khali
56%
14 SmackDown Xavier Woods
56%
33 Raw Apollo Crews
50%
25 Raw Bobby Roode
50%
15 Raw Bo Dallas
50%
23 205 Live Drew Gulak
50%
36 Raw Heath Slater
50%
7 Unaffiliated Hiroki Sumi
50%
6 Raw Mike Kanellis
50%
17 Raw Scott Dawson
50%
24 NXT Tucker Knight
50%
30 Raw Tyler Breeze
50%
8 Raw Viktor
50%
43 Raw Curt Hawkins
44%
26 Raw Fandango
44%
13 SmackDown Primo
44%
10 205 Live Tony Nese
44%
42 SmackDown Tye Dillinger
44%
34 NXT Roderick Strong
38%
29 Raw Mojo Rawley
31%
22 Raw Rhyno
25%
No matching quizzes found
Score Distribution
Percent of People with Each Score
Percentile by Number Answered
Your Score History
You have not taken this quiz